000 00447nam a2200181Ia 4500
001 11256
005 20260306161933.0
008 260306t1981||||xx |||||||||||||| ||spa||
041 _aESP
082 _a985.02
_bB96C
100 _aBusto Duthurburu, José Antonio del
_eAUT
245 0 _aLa hueste perulera:
_b(selección)
260 _c1981
300 _a332 páginas :
_c21cm.
650 _aGEN
654 _aCHU
942 _cLIB
_dJUS
_fJUS
_2ddc
_n
999 _c11256
_d11256